[Event "POL-chT 2nd League"]
[Site "Jastrzebia Gora"]
[Date "2023.09.10"]
[Round "9.101"]
[White "Mioduszewski, Szymon"]
[Black "Zgadzaj, Rafal"]
[Result "0-1"]
[WhiteElo "1534"]
[BlackElo "1913"]
[PlyCount "98"]
[EventDate "2023.09.02"]
[EventType "team-swiss"]
[EventRounds "9"]
[EventCountry "POL"]
[SourceTitle "CBM 216 Extra"]
[Source "ChessBase"]
[SourceDate "2023.11.30"]
[SourceVersion "1"]
[SourceVersionDate "2023.11.30"]
[SourceQuality "1"]
[WhiteTeam "Bydgoszcz Royal Chess"]
[BlackTeam "Nysa Gekon"]
[WhiteTeamCountry "POL"]
[BlackTeamCountry "POL"]

1. c4 Nf6 2. Nf3 e6 3. Nc3 c5 4. e3 Be7 5. Be2 0-0 6. 0-0 Nc6 7. d4 cxd4 8. exd4 d5 9. a3 b6 10. b4 dxc4 11. Bxc4 Qc7 12. Qe2 Bb7 13. Bb2 Rac8 14. Bb3 Rfe8 15. Rac1 Qf4 16. Qe3 Qb8 17. h3 Bd6 18. Qe2 Bf4 19. Rc2 Red8 20. Rd1 Ne7 21. Bc1 Ng6 22. Bxf4 Qxf4 23. Ne5 Qg5 24. g3 Nf4 25. Qf1 N4d5 26. Ne2 Ne4 27. Rdc1 Rxc2 28. Bxc2 Nd2 29. Qd1 f6 30. h4 Qh6 31. Ng4 Nf3+ 32. Kf1 Qh5 33. Ng1 Qxg4 34. Qxf3 Qxd4 35. Ne2 Qd2 36. Qe4 Ba6 37. Qxh7+ Kf8 38. Qh8+ Kf7 39. Qxd8 Ne3+ 40. fxe3 Qxd8 41. Rd1 Bxe2+ 42. Kxe2 Qc7 43. Be4 f5 44. Bf3 Qxg3 45. h5 Qc7 46. Rd2 Kf6 47. Rd3 e5 48. e4 Qc2+ 49. Ke3 f4# 0-1

[Event "POL-chT 2nd League"]
[Site "Jastrzebia Gora"]
[Date "2023.09.07"]
[Round "6.89"]
[White "Mioduszewski, Szymon"]
[Black "Hiszczynski, Jakub"]
[Result "0-1"]
[WhiteElo "1534"]
[BlackElo "1858"]
[PlyCount "96"]
[EventDate "2023.09.02"]
[EventType "team-swiss"]
[EventRounds "9"]
[EventCountry "POL"]
[SourceTitle "CBM 216 Extra"]
[Source "ChessBase"]
[SourceDate "2023.11.30"]
[SourceVersion "1"]
[SourceVersionDate "2023.11.30"]
[SourceQuality "1"]
[WhiteTeam "Bydgoszcz Royal Chess"]
[BlackTeam "Gdansk Korona"]
[WhiteTeamCountry "POL"]
[BlackTeamCountry "POL"]

1. e4 c5 2. Nf3 d6 3. d4 cxd4 4. Nxd4 Nf6 5. Nc3 a6 6. a4 e5 7. Nb3 Be6 8. Be2 Be7 9. Be3 Nc6 10. 0-0 Rc8 11. Nc1 0-0 12. Bf3 Nb4 13. Nd3 Nxd3 14. cxd3 d5 15. Bd2 d4 16. Na2 a5 17. Qb1 Qb6 18. b4 Bxa2 19. Rxa2 Bxb4 20. Rb2 Rc3 21. Bxc3 dxc3 22. Rc2 Qd4 23. Be2 Nd7 24. Rd1 Nc5 25. Ra2 Rd8 26. Qc2 g6 27. Raa1 Kg7 28. Rf1 Ne6 29. g3 Qb6 30. Bd1 Qd6 31. Kg2 Qxd3 32. Qxd3 Rxd3 33. Bc2 Rd2 34. Rfc1 Bc5 35. Ra2 Rxf2+ 36. Kh1 Nd4 37. Bb1 Rxa2 38. Bxa2 c2 39. Bb3 Nxb3 40. Rxc2 b6 41. Kg2 Kf6 42. g4 Ke6 43. h4 h6 44. g5 hxg5 45. hxg5 Nd4 46. Rf2 Ke7 47. Rf1 Ne6 48. Re1 Nxg5 0-1

[Event "POL-chT 2nd League"]
[Site "Jastrzebia Gora"]
[Date "2023.09.06"]
[Round "5.119"]
[White "Wodecki, Daniel"]
[Black "Mioduszewski, Szymon"]
[Result "1/2-1/2"]
[WhiteElo "1905"]
[BlackElo "1534"]
[PlyCount "87"]
[EventDate "2023.09.02"]
[EventType "team-swiss"]
[EventRounds "9"]
[EventCountry "POL"]
[SourceTitle "CBM 216 Extra"]
[Source "ChessBase"]
[SourceDate "2023.11.30"]
[SourceVersion "1"]
[SourceVersionDate "2023.11.30"]
[SourceQuality "1"]
[WhiteTeam "Marklowice Hetman"]
[BlackTeam "Bydgoszcz Royal Chess"]
[WhiteTeamCountry "POL"]
[BlackTeamCountry "POL"]

1. e4 e5 2. Nf3 Nf6 3. Nxe5 d6 4. Nf3 Nxe4 5. d3 Nf6 6. d4 d5 7. Bd3 Be7 8. Bf4 0-0 9. Nbd2 Nc6 10. c3 Bd6 11. Bxd6 cxd6 12. 0-0 Ne7 13. Qc2 g6 14. Nh4 Nh5 15. g3 Bh3 16. Rfe1 Qd7 17. f3 Ng7 18. Re2 Nef5 19. Nxf5 Bxf5 20. Rae1 Rfe8 21. Nf1 Bxd3 22. Qxd3 Rxe2 23. Rxe2 Re8 24. Rxe8+ Nxe8 25. Ne3 Nf6 26. g4 h6 27. Kg2 Qa4 28. a3 Kg7 29. h3 Qb3 30. Qc2 Qa2 31. Nf1 Qa1 32. Ne3 Qe1 33. Qf2 Qc1 34. Qe2 a6 35. h4 Kh8 36. Nf1 Kg7 37. Ne3 Kh8 38. Qf2 b5 39. Nf1 Kg7 40. Qd2 Qxd2+ 41. Nxd2 Nd7 42. Nf1 Nb6 43. b3 a5 44. Ne3 1/2-1/2

[Event "POL-chT 2nd League"]
[Site "Jastrzebia Gora"]
[Date "2023.09.03"]
[Round "2.131"]
[White "Gorniewicz, Oskar"]
[Black "Mioduszewski, Szymon"]
[Result "1-0"]
[WhiteElo "1889"]
[BlackElo "1534"]
[PlyCount "59"]
[EventDate "2023.09.02"]
[EventType "team-swiss"]
[EventRounds "9"]
[EventCountry "POL"]
[SourceTitle "CBM 216 Extra"]
[Source "ChessBase"]
[SourceDate "2023.11.30"]
[SourceVersion "1"]
[SourceVersionDate "2023.11.30"]
[SourceQuality "1"]
[WhiteTeam "Torun UMK"]
[BlackTeam "Bydgoszcz Royal Chess"]
[WhiteTeamCountry "POL"]
[BlackTeamCountry "POL"]

1. e4 e5 2. Nc3 Nf6 3. Bc4 Bc5 4. d3 h6 5. Be3 Bxe3 6. fxe3 0-0 7. Qf3 c6 8. Bb3 d6 9. h3 Be6 10. 0-0-0 Bxb3 11. axb3 a5 12. g4 b5 13. h4 Nh7 14. g5 hxg5 15. hxg5 Qxg5 16. Nge2 g6 17. Qh3 Qh5 18. Qxh5 gxh5 19. Rdg1+ Kh8 20. Rxh5 Nd7 21. Rh6 Ndf6 22. Rgh1 Kg7 23. Ng3 Rg8 24. Nf5+ Kf8 25. Rxh7 Nxh7 26. Rxh7 Rd8 27. Rh6 Rg6 28. Rh8+ Rg8 29. Rxg8+ Kxg8 30. Ne7+ 1-0

[Event "POL-chT3 Kujawsko-Pomorskie 2223"]
[Site "Poland"]
[Date "2023.??.??"]
[Round "5.5"]
[White "Sliwicka, Weronika"]
[Black "Mioduszewski, Szymon"]
[Result "1/2-1/2"]
[WhiteElo "1373"]
[BlackElo "1389"]
[PlyCount "87"]
[EventDate "2022.11.13"]
[EventType "team-swiss"]
[EventRounds "7"]
[EventCountry "POL"]
[SourceTitle "EXT 2024"]
[Source "ChessBase"]
[SourceDate "2023.10.10"]
[SourceVersion "1"]
[SourceVersionDate "2023.10.10"]
[SourceQuality "1"]

1. e4 c5 2. Nf3 g6 3. d4 Bg7 4. Nc3 Nc6 5. d5 Nd4 6. Bf4 d6 7. a3 Qa5 8. Nd2 b5 9. a4 b4 10. Nb5 Qd8 11. Rb1 Nxb5 12. Bxb5+ Bd7 13. Bxd7+ Qxd7 14. b3 Nf6 15. 0-0 0-0 16. Qf3 Qc7 17. Nc4 Nd7 18. Qg3 Ne5 19. Bxe5 Bxe5 20. f4 Bd4+ 21. Kh1 f5 22. e5 Rad8 23. e6 Kh8 24. Rbd1 Rg8 25. Qf3 Rdf8 26. g4 Rf6 27. g5 Rff8 28. h4 Rb8 29. h5 Kg7 30. h6+ Kf8 31. Rd3 a5 32. Qd1 Bh8 33. Ne3 Qb7 34. Qf3 Ke8 35. Nxf5 gxf5 36. Qh3 Rf8 37. Qh5+ Kd8 38. g6 hxg6 39. Qxg6 Kc7 40. Rg1 Bd4 41. Rg2 Qxd5 42. h7 Rh8 43. Qf7 Rbe8 44. Qg6 1/2-1/2

[Event "POL-chT3 Kujawsko-Pomorskie 2223"]
[Site "Poland"]
[Date "2022.??.??"]
[Round "2.20"]
[White "Piotrowski, Maciej"]
[Black "Mioduszewski, Szymon"]
[Result "0-1"]
[WhiteElo "1506"]
[BlackElo "1389"]
[PlyCount "70"]
[EventDate "2022.11.13"]
[EventType "team-swiss"]
[EventRounds "7"]
[EventCountry "POL"]
[SourceTitle "EXT 2024"]
[Source "ChessBase"]
[SourceDate "2023.10.10"]
[SourceVersion "1"]
[SourceVersionDate "2023.10.10"]
[SourceQuality "1"]

1. e4 c5 2. Nf3 Nc6 3. Nc3 Nf6 4. Bc4 e6 5. 0-0 d5 6. Bd3 c4 7. exd5 exd5 8. Be2 d4 9. Nb1 d3 10. cxd3 cxd3 11. Qb3 dxe2 12. Ng5 exf1Q+ 13. Kxf1 Qd5 14. Qe3+ Qe5 15. Qxe5+ Nxe5 16. d4 Nc6 17. Be3 h6 18. Nf3 Be6 19. Nc3 Nd5 20. Nxd5 Bxd5 21. a3 Bd6 22. Re1 0-0-0 23. b4 Rhe8 24. Rc1 Kb8 25. b5 Na5 26. a4 Nc4 27. Bd2 Bxf3 28. Rxc4 Be2+ 29. Kg1 Bxc4 30. f3 Re2 31. Bc3 Rc2 32. Be1 Re8 33. Bh4 Rc1+ 34. Be1 Rcxe1+ 35. Kf2 R8e2# 0-1